[Event "4.Nord-West-Cup"]
[Site "?"]
[Date "2002.??.??"]
[Round "6"]
[White "Schippl, Thomas"]
[Black "Thomas, Jeffrey"]
[Result "1/2-1/2"]
[WhiteElo "1595"]
[BlackElo "1100"]
[PlyCount "66"]

1. d4 d5 2. c4 e6 3. cxd5 exd5 4. Nc3 Bb4 5. Nf3 Nf6 6. Ne5 O-O 7. e3 Bf5 8.
Bd2 Bxc3 9. Bxc3 Nbd7 10. Nf3 Ne4 11. Rc1 Re8 12. Qb3 Nb6 13. Be2 Rb8 14. O-O
Bg4 15. Ba5 Qd6 16. h3 Bh5 17. Qc2 Rbc8 18. Bxb6 axb6 19. Ne5 Bxe2 20. Qxe2 c5
21. Nf3 Rc7 22. Rc2 h6 23. Rfc1 Ree7 24. Qd3 c4 25. Qd1 b5 26. Nd2 Qf6 27. Nxe4
Rxe4 28. Qe2 Rce7 29. Qd2 Qd6 30. Qa5 Qa6 31. Qb4 Qc6 32. Rc3 b6 33. a3 Ra7
1/2-1/2

[Event "4.Nord-West-Cup"]
[Site "?"]
[Date "2002.??.??"]
[Round "6"]
[White "Toth, Hans-Juergen"]
[Black "Nickel, Nicolai"]
[Result "1-0"]
[WhiteElo "1427"]
[BlackElo "1100"]
[PlyCount "47"]

1. d4 d5 2. c4 Nf6 3. cxd5 Nxd5 4. e4 Nf6 5. Nc3 Nc6 6. Nf3 Bg4 7. d5 Nb4 8. a3
Na6 9. h3 Bxf3 10. Qxf3 e6 11. Bg5 Be7 12. dxe6 fxe6 13. Rd1 Bd6 14. e5 Rf8 15.
exd6 cxd6 16. Ne4 d5 17. Bb5+ Ke7 18. Nxf6 gxf6 19. Bh4 Nc7 20. Qd3 Rg8 21. Ba4
Rxg2 22. Qxh7+ Kf8 23. Qh8+ Ke7 24. Bxf6+ 1-0

[Event "4.Nord-West-Cup"]
[Site "?"]
[Date "2002.??.??"]
[Round "7"]
[White "Bischoff, Klaus"]
[Black "Meins, Gerlef"]
[Result "1/2-1/2"]
[WhiteElo "2558"]
[BlackElo "2393"]
[PlyCount "116"]

1. c4 e5 2. Nc3 Nf6 3. Nf3 Nc6 4. d3 Bb4 5. Bd2 O-O 6. e3 Re8 7. Be2 a5 8. O-O
d6 9. h3 h6 10. Rc1 e4 11. Ne1 exd3 12. Nxd3 Bf5 13. Nf4 Ne5 14. Ncd5 Bxd2 15.
Nxf6+ Qxf6 16. Qxd2 Be4 17. Qd4 Nd7 18. Qxf6 Nxf6 19. Rfd1 Nd7 20. Nd5 Bxd5 21.
cxd5 Nc5 22. Rd4 Re5 23. Rc3 Rae8 24. Bf3 h5 25. b3 g6 26. a3 Ra8 27. g3 Re7
28. Kg2 Kg7 29. Be2 Ne4 30. Rc1 Nc5 31. Rc3 Ne4 32. Rc1 Nc5 33. Rb1 Re4 34. Rd2
Re7 35. Rc2 Ra7 36. Bf3 Ra8 37. Be2 Ra7 38. Bf3 Ra8 39. Rc3 Ra6 40. Be2 Ra8 41.
Rbc1 Rc8 42. Bf3 Kf8 43. g4 hxg4 44. hxg4 Kg7 45. Kg3 Kf6 46. Bg2 Kg7 47. Rh1
Rh8 48. Rhc1 Rc8 49. Rd1 Ra8 50. Rd4 Rh8 51. Bf3 Ra8 52. Kg2 Rae8 53. Rd1 Ra8
54. Rdc1 Rc8 55. Be2 Ne4 56. R3c2 Nc5 57. Rc3 Ne4 58. R3c2 Nc5 1/2-1/2

[Event "4.Nord-West-Cup"]
[Site "?"]
[Date "2002.??.??"]
[Round "7"]
[White "Ionescu, Doru Alexandru"]
[Black "Petrosjan, Suren"]
[Result "1-0"]
[WhiteElo "2369"]
[BlackElo "2388"]
[PlyCount "53"]

1. e4 c5 2. d3 Nc6 3. g3 g6 4. Bg2 Bg7 5. f4 d6 6. Nf3 e5 7. O-O Nge7 8. f5 Ng8
9. Nc3 gxf5 10. exf5 Nf6 11. Bg5 Ne7 12. Nd2 d5 13. Qe2 h6 14. Bh4 O-O 15. Qxe5
Nc6 16. Qf4 Nd4 17. Bxf6 Bxf6 18. Qg4+ Kh7 19. Nxd5 Nxc2 20. Rac1 Bd4+ 21. Kh1
Ne3 22. Nxe3 Bxe3 23. Qe2 Bd4 24. Ne4 Bd7 25. Qh5 Qe7 26. Rxc5 Rg8 27. f6 1-0

[Event "4.Nord-West-Cup"]
[Site "?"]
[Date "2002.??.??"]
[Round "7"]
[White "Zezulkin, Jurij"]
[Black "Gutman, Lev"]
[Result "0-1"]
[WhiteElo "2523"]
[BlackElo "2488"]
[PlyCount "88"]

1. e4 c5 2. Nc3 a6 3. Nf3 d6 4. d4 cxd4 5. Nxd4 Nf6 6. Be3 Qc7 7. f3 e6 8. Qd2
b5 9. O-O-O Nc6 10. Kb1 Rb8 11. Nxc6 Qxc6 12. e5 b4 13. Ne4 Nd5 14. Bd4 dxe5
15. Bxe5 Rb7 16. Qd3 f6 17. Bd4 Rc7 18. c4 bxc3 19. Nxc3 Nb4 20. Qe4 Qxe4+ 21.
Nxe4 Be7 22. Be2 Kf7 23. Rc1 Rd7 24. Rhd1 Nd5 25. Bc4 Rhd8 26. Bb3 Bb7 27. g3
f5 28. Nc5 Bxc5 29. Bxc5 Nf6 30. Bb6 Rxd1 31. Bxd1 Rd6 32. Be3 Rd3 33. Rc7+ Kg6
34. Kc2 Rxe3 35. Rxb7 Re5 36. b4 Nd5 37. Kd2 f4 38. Bc2+ Kf6 39. Be4 Rh5 40.
Bxd5 Rxh2+ 41. Kd3 fxg3 42. Bxe6 g2 43. Rf7+ Kg6 44. Rf4 h5 0-1

[Event "4.Nord-West-Cup"]
[Site "?"]
[Date "2002.??.??"]
[Round "7"]
[White "Podzielny, Karl-Heinz"]
[Black "Vasiljevic, Dragan"]
[Result "1/2-1/2"]
[WhiteElo "2501"]
[BlackElo "2351"]
[PlyCount "135"]

1. d4 Nf6 2. Nf3 c5 3. d5 g6 4. Nc3 Bg7 5. e4 O-O 6. a4 d6 7. Be2 e6 8. O-O
exd5 9. exd5 Bg4 10. Bf4 Bxf3 11. Bxf3 Ne8 12. Qd2 Nd7 13. a5 Ne5 14. Be2 Nc7
15. Rfe1 f5 16. Be3 Qd7 17. h3 b5 18. axb6 axb6 19. f4 Nf7 20. Rab1 Rfe8 21.
Bf2 b5 22. b4 Ra3 23. Nd1 c4 24. Bf3 h5 25. Rxe8+ Qxe8 26. Bb6 Qe7 27. Nf2 Bc3
28. Qd1 Ra6 29. Bd4 Bxd4 30. Qxd4 h4 31. Kf1 Qf8 32. Re1 Qg7 33. Qe3 Qf6 34.
Nd1 Kf8 35. Kg1 Nh6 36. Kh2 Ng8 37. Qf2 Ne7 38. Ne3 Ra4 39. Qd2 Ra3 40. Nd1 Nc8
41. Qf2 Ra2 42. Re3 Ra4 43. Qd2 Ne7 44. Nc3 Ra3 45. Qe1 Kf7 46. Qd2 Kf8 47. Ne2
Rxe3 48. Qxe3 Ncxd5 49. Qa7 Nxb4 50. c3 Nd3 51. Qb8+ Kg7 52. Qxb5 Qe6 53. Qb6
Kf7 54. Qa7 Kf8 55. Qc7 d5 56. Qd8+ Kg7 57. Qc7 Kf8 58. Qa7 Qd6 59. Qd4 Kg8 60.
Kh1 Kf7 61. Kg1 Qc5 62. Qxc5 Nxc5 63. Kf2 Ne6 64. Ke3 Kf6 65. Nd4 Nc5 66. Nb5
Ke6 67. Kd4 Nd3 68. Nc7+ 1/2-1/2

[Event "4.Nord-West-Cup"]
[Site "?"]
[Date "2002.??.??"]
[Round "7"]
[White "Fish, Gennadij"]
[Black "Ljubarskij, Jurij"]
[Result "1-0"]
[WhiteElo "2499"]
[BlackElo "2345"]
[PlyCount "103"]

1. d4 d5 2. c4 c6 3. Nf3 e6 4. Nc3 Nf6 5. e3 Be7 6. Bd3 dxc4 7. Bxc4 b5 8. Bd3
Bb7 9. e4 a6 10. e5 Nd5 11. Ne4 h6 12. a3 Nd7 13. b4 a5 14. Nc5 Nxc5 15. bxc5
Ba6 16. Bd2 Qc7 17. Qe2 Bc8 18. O-O Bd7 19. Ne1 g6 20. Nc2 h5 21. a4 b4 22.
Rab1 Bf8 23. Na1 Qd8 24. Nb3 Bh6 25. f4 Rb8 26. Rbc1 Bc8 27. g3 O-O 28. Rf2 Re8
29. f5 Bxd2 30. fxg6 fxg6 31. Nxd2 Qg5 32. Qf3 Rb7 33. Re1 Nc3 34. Nc4 Rg7 35.
Nd6 Rd8 36. Nf7 Qe7 37. Nxd8 Qxd8 38. Qf4 Nd5 39. Qe4 Ne7 40. Rf6 Nf5 41. Bc4
Qe8 42. Rf1 Kh7 43. Rf4 b3 44. Bxb3 Rb7 45. Bc2 Rb4 46. Qd3 Qd7 47. g4 Ba6 48.
Qxa6 Rxd4 49. gxf5 exf5 50. R6xf5 Rd1+ 51. Bxd1 Qxd1+ 52. Qf1 1-0

[Event "4.Nord-West-Cup"]
[Site "?"]
[Date "2002.??.??"]
[Round "7"]
[White "Lingnau, Carsten"]
[Black "Asendorf, Joachim"]
[Result "1/2-1/2"]
[WhiteElo "2436"]
[BlackElo "2297"]
[PlyCount "95"]

1. d4 d5 2. c4 e6 3. Nf3 c5 4. cxd5 exd5 5. g3 Nc6 6. Bg2 Nf6 7. O-O Be7 8. Nc3
O-O 9. Bg5 cxd4 10. Nxd4 Re8 11. Rc1 h6 12. Be3 Bf8 13. Na4 Bd7 14. Nc5 Bxc5
15. Rxc5 Qe7 16. Rc1 Ng4 17. Rc3 Nxe3 18. Rxe3 Qb4 19. Nc2 Qxb2 20. Bxd5 Be6
21. Bxe6 Rxe6 22. Rxe6 fxe6 23. Qb1 Qxb1 24. Rxb1 b6 25. Nb4 Nxb4 26. Rxb4 Rc8
27. a4 Rc2 28. Re4 Kf7 29. f4 a6 30. Rb4 b5 31. axb5 axb5 32. Kf2 Rc5 33. e4
Kf6 34. Ke3 e5 35. Rb3 exf4+ 36. gxf4 g5 37. Ra3 gxf4+ 38. Kxf4 Rh5 39. Ra6+
Kf7 40. Rb6 Rxh2 41. Ke5 Rh5+ 42. Kd6 Rg5 43. Rb7+ Kf6 44. Rb8 b4 45. Rf8+ Kg7
46. Rb8 Kf6 47. Rf8+ Kg7 48. Rb8 1/2-1/2

[Event "4.Nord-West-Cup"]
[Site "?"]
[Date "2002.??.??"]
[Round "7"]
[White "Jugelt, Tobias"]
[Black "Weber, Siegfried"]
[Result "1/2-1/2"]
[WhiteElo "2433"]
[BlackElo "2246"]
[PlyCount "55"]

1. d4 Nf6 2. Bg5 Ne4 3. Bf4 d5 4. Nf3 c5 5. e3 Qb6 6. Nc3 Nxc3 7. bxc3 Qb2 8.
Kd2 Nc6 9. Rb1 Qa3 10. Bb5 Bd7 11. Bc7 cxd4 12. exd4 e6 13. Bd3 b6 14. Bf4 Rc8
15. Qc1 Qa4 16. Qb2 Na5 17. Ke2 Ba3 18. Qa1 f6 19. Rb3 Be7 20. Bg3 Nc4 21. Re1
O-O 22. Kf1 Qc6 23. Qd1 Be8 24. Qe2 Bf7 25. Kg1 Rfe8 26. Bf4 Bf8 27. Nd2 b5 28.
Reb1 1/2-1/2

[Event "4.Nord-West-Cup"]
[Site "?"]
[Date "2002.??.??"]
[Round "7"]
[White "Grecescu, Gabriel"]
[Black "Sarakauskas, Gediminas"]
[Result "1-0"]
[WhiteElo "2272"]
[BlackElo "2392"]
[PlyCount "83"]

1. c4 c5 2. g3 Nc6 3. Bg2 g6 4. Nc3 Bg7 5. d3 d6 6. Rb1 e5 7. e3 Nge7 8. Nge2
O-O 9. O-O Be6 10. Nd5 Qd7 11. a3 Bh3 12. Nec3 Bxg2 13. Kxg2 f5 14. b4 Kh8 15.
b5 Nd8 16. Nxe7 Qxe7 17. Nd5 Qf7 18. f3 Ne6 19. e4 f4 20. g4 h5 21. h3 Bf6 22.
Bd2 Kg7 23. Rh1 Bh4 24. a4 Rh8 25. Be1 Bxe1 26. Qxe1 g5 27. a5 Nd4 28. a6 b6
29. Qf2 Rh6 30. Rbg1 Rah8 31. Kf1 hxg4 32. Rxg4 Ne6 33. h4 Kf8 34. Qg2 Rh5 35.
Rg1 Ke8 36. Rxg5 Nxg5 37. hxg5 Kd8 38. g6 Qe6 39. g7 Rg8 40. Qg6 Rh6 41. Qg5+
Kd7 42. Ke1 1-0

[Event "4.Nord-West-Cup"]
[Site "?"]
[Date "2002.??.??"]
[Round "7"]
[White "Issel, Oliver"]
[Black "Tschetschelnitzki, Boris"]
[Result "1/2-1/2"]
[WhiteElo "2226"]
[BlackElo "2230"]
[PlyCount "28"]

1. d4 e6 2. e4 d5 3. Nc3 Bb4 4. exd5 exd5 5. Bd3 Nc6 6. Nge2 Nge7 7. Bf4 Be6 8.
O-O a6 9. a3 Bd6 10. Bxd6 Qxd6 11. Nb1 O-O 12. c3 Bf5 13. Ng3 Bxd3 14. Qxd3 Qg6
1/2-1/2

[Event "4.Nord-West-Cup"]
[Site "?"]
[Date "2002.??.??"]
[Round "7"]
[White "Warns, Heiko"]
[Black "Voloshin, Leonid"]
[Result "0-1"]
[WhiteElo "2140"]
[BlackElo "2437"]
[PlyCount "88"]

1. e4 g6 2. d4 Bg7 3. Be3 d6 4. Nc3 a6 5. Nf3 b5 6. Bd3 Bb7 7. a4 b4 8. Nb1 Nf6
9. Nbd2 O-O 10. O-O a5 11. c4 c5 12. h3 Nfd7 13. Qc2 cxd4 14. Nxd4 Nc5 15. b3
Nc6 16. Nxc6 Bxc6 17. Rad1 e5 18. Be2 Qh4 19. Bf3 Rad8 20. Kh2 Qe7 21. g3 h5
22. Bg2 h4 23. g4 Bf6 24. f3 Bg5 25. f4 Bxf4+ 26. Bxf4 exf4 27. Kh1 g5 28. Bf3
Qe5 29. Kg2 Kg7 30. Rf2 Rfe8 31. Re2 Re7 32. Kh1 Rde8 33. Rde1 Ne6 34. Rf2 Qc5
35. Kg2 Qe5 36. Qd3 f6 37. Qc2 Nc5 38. Rfe2 Qc3 39. Qb1 Qd3 40. Qxd3 Nxd3 41.
Rd1 Nc5 42. Rde1 Ne6 43. Rd1 Nd4 44. Ree1 Nc2 0-1

[Event "4.Nord-West-Cup"]
[Site "?"]
[Date "2002.??.??"]
[Round "7"]
[White "Langer, Wolfgang"]
[Black "Hedke, Fred"]
[Result "1/2-1/2"]
[WhiteElo "2081"]
[BlackElo "2370"]
[PlyCount "152"]

1. Nf3 Nf6 2. g3 d5 3. Bg2 e6 4. O-O Be7 5. d4 O-O 6. b3 b6 7. Bb2 Bb7 8. Nbd2
Nbd7 9. Rc1 Rc8 10. e3 Bd6 11. Ne5 Qe7 12. c4 Ba3 13. Bxa3 Qxa3 14. Nxd7 Nxd7
15. Rc2 Qe7 16. Qe2 Ba6 17. Rfc1 dxc4 18. Nxc4 e5 19. dxe5 Nxe5 20. f4 Bxc4 21.
bxc4 Nd7 22. e4 Nc5 23. Rd1 Rcd8 24. Rcd2 Rxd2 25. Rxd2 g6 26. e5 Kg7 27. Qf2
f6 28. exf6+ Qxf6 29. Qd4 Re8 30. Qxf6+ Kxf6 31. Kf2 a5 32. Bf3 h6 33. Bc6 Re6
34. Bf3 a4 35. Bg2 h5 36. Bf3 Re7 37. Rd4 Na6 38. Rd2 Nc5 39. Rd4 Re6 40. Rd2
Re8 41. Bc6 Re6 42. Bf3 h4 43. Rd4 hxg3+ 44. hxg3 Re7 45. Rd2 g5 46. fxg5+ Kxg5
47. Rd5+ Kf6 48. Rd4 Rh7 49. Ke3 Rh2 50. Be2 Ne6 51. Rd2 Rh3 52. Kf2 Nc5 53.
Rd4 Rh1 54. Bf1 Rh5 55. g4 Rh2+ 56. Bg2 Ne6 57. Rd2 Rh7 58. Kg3 Nc5 59. Rd5 Re7
60. Rf5+ Kg6 61. Rf2 Ne4+ 62. Bxe4+ Rxe4 63. Rc2 Kg5 64. c5 b5 65. c6 Rxg4+ 66.
Kf3 Rb4 67. Ke3 Kf5 68. Rd2 Ke6 69. Rd7 Rc4 70. Rxc7 Kd6 71. Rc8 Rxc6 72. Rb8
Kc5 73. Kd3 b4 74. Kc2 Kd4+ 75. Kb2 Kc4 76. a3 bxa3+ 1/2-1/2

[Event "4.Nord-West-Cup"]
[Site "?"]
[Date "2002.??.??"]
[Round "7"]
[White "Muehlenhaus, Sven"]
[Black "Nedkov, Petar"]
[Result "1-0"]
[WhiteElo "2207"]
[BlackElo "1836"]
[PlyCount "93"]

1. d4 Nf6 2. Nf3 g6 3. c4 Bg7 4. Nc3 O-O 5. e4 d6 6. Be2 c5 7. O-O cxd4 8. Nxd4
Nc6 9. Be3 Bd7 10. Nc2 Rc8 11. f3 b6 12. Qd2 Be6 13. Rac1 Nd7 14. b3 f5 15.
exf5 gxf5 16. f4 Nf6 17. Bf3 Bd7 18. Nd4 Nxd4 19. Bxd4 Qe8 20. Rce1 Qf7 21. Nd5
Rce8 22. Bxf6 Bxf6 23. Nc7 Qg7 24. Nxe8 Rxe8 25. Qd5+ Kh8 26. Rd1 Rg8 27. Kh1
h6 28. Rf2 Bc8 29. Re2 e5 30. Qxd6 e4 31. Bh5 Rd8 32. Qxd8+ Bxd8 33. Rxd8+ Kh7
34. Kg1 Qc7 35. Re8 Bb7 36. g3 Qd7 37. Re5 Kg7 38. Kg2 Kf6 39. Kh3 e3 40. R5xe3
Be4 41. Bf3 Bxf3 42. Rxf3 Qg7 43. Rfe3 Kg6 44. Re7 Qa1 45. Kg2 Qd1 46. R2e6+
Kh5 47. Rh7 1-0

[Event "4.Nord-West-Cup"]
[Site "?"]
[Date "2002.??.??"]
[Round "7"]
[White "Lammers, Markus"]
[Black "Pel, Bonno"]
[Result "0-1"]
[WhiteElo "2063"]
[BlackElo "2191"]
[PlyCount "66"]

1. e4 d6 2. d4 Nf6 3. Nc3 g6 4. f3 c6 5. Be3 Nbd7 6. Qd2 b5 7. O-O-O b4 8. Nce2
Qa5 9. Kb1 Nb6 10. Nc1 Na4 11. Nb3 Qb6 12. Ne2 Ba6 13. Nf4 Bxf1 14. Rhxf1 Bg7
15. h4 Qb5 16. Nd3 a5 17. Bh6 Nc3+ 18. Ka1 Bxh6 19. Qxh6 Nxd1 20. Rxd1 a4 21.
Nd2 b3 22. c4 Qb6 23. c5 Qb5 24. Nb1 dxc5 25. Nxc5 bxa2 26. Nc3 Qc4 27. e5 Nd5
28. Qg7 Rf8 29. Nxa2 a3 30. b3 Qc2 31. Rb1 Nc3 32. Nxc3 Qxc3+ 33. Ka2 Qd2+ 0-1

[Event "4.Nord-West-Cup"]
[Site "?"]
[Date "2002.??.??"]
[Round "7"]
[White "Fischbach, Harald"]
[Black "Boer, Alef"]
[Result "1/2-1/2"]
[WhiteElo "2199"]
[BlackElo "2190"]
[PlyCount "43"]

1. e4 Nf6 2. Nc3 d5 3. exd5 Nxd5 4. Nxd5 Qxd5 5. Nf3 Bg4 6. Be2 c5 7. d4 cxd4
8. O-O Nc6 9. Nxd4 Bxe2 10. Nxe2 O-O-O 11. Qxd5 Rxd5 12. Be3 e5 13. a3 f5 14.
c4 Rd7 15. Rad1 Rxd1 16. Rxd1 Be7 17. Nc3 Rd8 18. Rd5 Rxd5 19. Nxd5 Bf8 20. b4
a6 21. Bd2 Nd4 22. Kf1 1/2-1/2

[Event "4.Nord-West-Cup"]
[Site "?"]
[Date "2002.??.??"]
[Round "7"]
[White "Kozlova, Olga"]
[Black "Brandes, Stephan"]
[Result "0-1"]
[WhiteElo "2259"]
[BlackElo "2068"]
[PlyCount "60"]

1. e4 c5 2. Nf3 e6 3. d4 cxd4 4. Nxd4 a6 5. c4 Nf6 6. Bd3 d6 7. O-O Be7 8. b3
b6 9. Nc3 Bb7 10. Re1 Nbd7 11. Bc2 O-O 12. Bb2 Qc7 13. Qe2 Rfe8 14. Rad1 Rad8
15. Bb1 Bf8 16. f3 Qb8 17. Rd2 d5 18. e5 Nxe5 19. cxd5 exd5 20. Qd1 g6 21. Rde2
Bg7 22. Na4 Nfd7 23. Qd2 b5 24. Nc3 Nc6 25. Nxc6 Bxc6 26. Rxe8+ Rxe8 27. Rd1
Qb6+ 28. Kf1 b4 29. Ne2 Bb5 30. Bd3 Bxd3 0-1

[Event "4.Nord-West-Cup"]
[Site "?"]
[Date "2002.??.??"]
[Round "7"]
[White "Pericic, Boris"]
[Black "Lukossek, Thomas"]
[Result "1/2-1/2"]
[WhiteElo "2021"]
[BlackElo "1732"]
[PlyCount "66"]

1. c4 c5 2. Nc3 Nc6 3. g3 g6 4. Bg2 Bg7 5. Nf3 d6 6. O-O e6 7. d3 Nge7 8. Rb1
O-O 9. a3 a6 10. Qc2 Nd4 11. Nxd4 cxd4 12. Nd1 Rb8 13. b4 b5 14. Bb2 Bb7 15. e4
Rc8 16. Re1 e5 17. Bc1 f5 18. Nb2 fxe4 19. Bg5 exd3 20. Qxd3 Bxg2 21. Kxg2 bxc4
22. Nxc4 Rf5 23. f4 Qd7 24. Rbc1 Rcf8 25. Na5 R5f7 26. Qxa6 Nf5 27. Rc6 h6 28.
fxe5 Bxe5 29. Bc1 Ne3+ 30. Bxe3 dxe3 31. Qc4 Qf5 32. Qe2 Qf2+ 33. Kh3 Qf5+
1/2-1/2

[Event "4.Nord-West-Cup"]
[Site "?"]
[Date "2002.??.??"]
[Round "7"]
[White "Roehl, Manfred"]
[Black "Leiber, Bernhard"]
[Result "1/2-1/2"]
[WhiteElo "1688"]
[BlackElo "2204"]
[PlyCount "43"]

1. e4 e5 2. Nf3 Nc6 3. d4 exd4 4. Nxd4 Nxd4 5. Qxd4 Qf6 6. Be3 Qxd4 7. Bxd4 Ne7
8. Nd2 Nc6 9. Bc3 a6 10. O-O-O d6 11. a4 Be6 12. f4 O-O-O 13. f5 Bd7 14. Bc4 f6
15. Nf3 Ne5 16. Bb3 Kb8 17. Nd4 g6 18. Ne6 Bh6+ 19. Kb1 Bxe6 20. Bxe6 Rhf8 21.
h3 Nd7 22. Bd4 1/2-1/2

[Event "4.Nord-West-Cup"]
[Site "?"]
[Date "2002.??.??"]
[Round "7"]
[White "Zotin, Vladimir"]
[Black "Heinemann, Ernst"]
[Result "0-1"]
[WhiteElo "1797"]
[BlackElo "2217"]
[PlyCount "108"]

1. e4 c6 2. d4 d5 3. exd5 cxd5 4. Nf3 Nc6 5. Bb5 a6 6. Bxc6+ bxc6 7. O-O Bg4 8.
c3 Qc7 9. Nbd2 e6 10. h3 Bh5 11. Qa4 Bd6 12. Re1 Ne7 13. c4 O-O 14. b3 Rfd8 15.
Ba3 Bf4 16. g4 Bxd2 17. Nxd2 Bg6 18. Bxe7 Qxe7 19. Nf3 Be4 20. Re3 Bxf3 21.
Rxf3 dxc4 22. Qxc4 Qa7 23. Re1 Rxd4 24. Qxc6 Rad8 25. Re4 h6 26. Rxd4 Qxd4 27.
Qxa6 Qe4 28. Kg2 Rd1 29. Qc8+ Kh7 30. Qc3 Qb1 31. Rxf7 Rg1+ 32. Kf3 Qd1+ 33.
Kf4 Qd6+ 34. Qe5 Qd2+ 35. Qe3 e5+ 36. Kf5 Qd6 37. Ra7 Qg6+ 38. Kxe5 Re1 39. Ra4
Qf6+ 40. Ke4 Qc6+ 41. Kf4 Qd6+ 42. Kf3 Qd1+ 43. Kg3 Rxe3+ 44. fxe3 Qg1+ 45. Kf3
Qh2 46. e4 Qxh3+ 47. Kf4 g5+ 48. Kf5 Qf3+ 49. Ke6 Qxg4+ 50. Ke5 Qd1 51. Ke6 g4
52. Ke5 g3 53. Kf6 Qf3+ 54. Ke7 g2 0-1

[Event "4.Nord-West-Cup"]
[Site "?"]
[Date "2002.??.??"]
[Round "7"]
[White "Lichman, Peter"]
[Black "Zschischang, Gunnar"]
[Result "1/2-1/2"]
[WhiteElo "2091"]
[BlackElo "2208"]
[PlyCount "111"]

1. e4 c5 2. Nf3 Nc6 3. d4 cxd4 4. Nxd4 Nf6 5. Nc3 e5 6. Ndb5 d6 7. Bg5 a6 8.
Na3 b5 9. Nd5 Be7 10. Bxf6 Bxf6 11. c3 O-O 12. Be2 Bg5 13. O-O Ne7 14. c4 Nxd5
15. cxd5 f5 16. Bd3 fxe4 17. Bxe4 Rf4 18. Qd3 Rh4 19. g3 Rh6 20. h4 Bxh4 21.
gxh4 Qxh4 22. Rfe1 Bf5 23. Kf1 Bh3+ 24. Ke2 Rf8 25. f3 Bg2 26. Kd2 Qg3 27. Re3
Rh2 28. Kc3 Qf2 29. Qe2 Bxf3 30. Qxf2 Rxf2 31. Bxf3 R8xf3 32. Rxf3 Rxf3+ 33.
Kd2 Rf2+ 34. Kc3 g5 35. Rg1 h6 36. Nc2 Kg7 37. Ne3 Kg6 38. Nd1 Rf3+ 39. Kd2 h5
40. Ke2 g4 41. Nf2 Rf4 42. Ke3 Rd4 43. Ne4 Rxd5 44. Rf1 h4 45. Rf6+ Kh5 46. Rf8
Rd1 47. Rh8+ Kg6 48. Rxh4 Re1+ 49. Kd3 d5 50. Nc3 Kg5 51. Rh8 d4 52. Rg8+ Kh4
53. Ne2 Rf1 54. Rh8+ Kg5 55. Rg8+ Kh4 56. Rh8+ 1/2-1/2

[Event "4.Nord-West-Cup"]
[Site "?"]
[Date "2002.??.??"]
[Round "7"]
[White "You, Long"]
[Black "Wahrenberg, Ralf"]
[Result "1-0"]
[WhiteElo "2207"]
[BlackElo "2069"]
[PlyCount "83"]

1. d4 Nf6 2. Nf3 g6 3. c4 Bg7 4. Nc3 d5 5. Qb3 dxc4 6. Qxc4 Nfd7 7. Bf4 c6 8.
e4 Nb6 9. Qb3 Bg4 10. Ne5 Be6 11. d5 cxd5 12. Bb5+ Bd7 13. Nxd5 Nxd5 14. Nxd7
Nxd7 15. Qxd5 a6 16. Bc4 O-O 17. Rd1 Nf6 18. Qxb7 Qa5+ 19. b4 Qa4 20. Bb3 Qb5
21. Qxb5 axb5 22. f3 Nh5 23. Bd2 Bd4 24. Ke2 e5 25. Be3 Bc3 26. Bc5 Nf4+ 27.
Kf2 Rfd8 28. Be7 Rd4 29. Rxd4 Bxd4+ 30. Kg3 Ra7 31. Bg5 Ne2+ 32. Kh4 Kg7 33.
Rd1 Nc3 34. Rc1 f6 35. Bd2 g5+ 36. Kh3 Ne2 37. Rc8 Kh6 38. Kg4 Kg6 39. Rg8+ Kh6
40. h4 Rc7 41. hxg5+ fxg5 42. Bxg5# 1-0

[Event "4.Nord-West-Cup"]
[Site "?"]
[Date "2002.??.??"]
[Round "7"]
[White "Dewenter, Ulf"]
[Black "Krause, Thomas"]
[Result "1/2-1/2"]
[WhiteElo "2193"]
[BlackElo "2182"]
[PlyCount "73"]

1. e4 d5 2. exd5 Qxd5 3. Nc3 Qa5 4. g3 c6 5. Bg2 Nf6 6. Nf3 Bf5 7. O-O e6 8.
Re1 Nbd7 9. d4 Be7 10. a3 O-O 11. Bd2 Qb6 12. Rb1 Rad8 13. h3 h6 14. g4 Bg6 15.
Ne2 Ne4 16. Be3 Ndf6 17. Qc1 Nd5 18. Ne5 Bh7 19. Bxe4 Bxe4 20. Bd2 Bh7 21. b4
f6 22. Nf3 e5 23. c4 e4 24. Nh4 f5 25. Nxf5 Bxf5 26. gxf5 Nf6 27. c5 Qa6 28.
Rb3 Nh5 29. Ng3 Nxg3 30. Rxg3 Rxf5 31. Rxe4 Bf6 32. Bxh6 Rxd4 33. Rxd4 Bxd4 34.
Be3 Be5 35. Rg5 Rxg5+ 36. Bxg5 Qd3 37. Be3 1/2-1/2

[Event "4.Nord-West-Cup"]
[Site "?"]
[Date "2002.??.??"]
[Round "7"]
[White "Korba, Roman"]
[Black "Olzem, Lothar"]
[Result "0-1"]
[WhiteElo "2061"]
[BlackElo "2185"]
[PlyCount "68"]

1. c4 Nf6 2. Nc3 d5 3. cxd5 Nxd5 4. Nf3 g6 5. g3 Bg7 6. Bg2 O-O 7. O-O Nxc3 8.
bxc3 Nc6 9. d4 Rb8 10. e4 b6 11. Qd3 Bb7 12. Rd1 Qd7 13. Ba3 Rfd8 14. Rac1 Na5
15. Ne1 e6 16. Bb4 Nc6 17. Qc4 Nxb4 18. Qxb4 c5 19. Qb3 cxd4 20. cxd4 Bxd4 21.
Nf3 e5 22. Nxe5 Qe6 23. Qxe6 fxe6 24. Nf3 Bb2 25. Rxd8+ Rxd8 26. Re1 Bc3 27.
Rc1 Bb2 28. Re1 Rd3 29. Ng5 e5 30. f4 h6 31. Nf3 exf4 32. gxf4 Ra3 33. Nh4 Bd4+
34. Kh1 Bf2 0-1

[Event "4.Nord-West-Cup"]
[Site "?"]
[Date "2002.??.??"]
[Round "7"]
[White "van Linde, Paul"]
[Black "Gudat, Alfons"]
[Result "1/2-1/2"]
[WhiteElo "2181"]
[BlackElo "2032"]
[PlyCount "127"]

1. e4 c5 2. c3 d6 3. d4 Nf6 4. Bd3 Nbd7 5. Nf3 e5 6. dxe5 dxe5 7. O-O Be7 8.
Na3 O-O 9. Nc4 Qc7 10. a4 b6 11. Bg5 Bb7 12. Qc2 h6 13. Bxf6 Bxf6 14. Ne3 Rfe8
15. Bc4 Nf8 16. Bd5 g6 17. Rfd1 Ne6 18. g3 Bg7 19. Bxb7 Qxb7 20. Nc4 Qc7 21.
Rd5 Rad8 22. Rad1 Rxd5 23. Rxd5 Nf8 24. Qb3 Kh7 25. Qb5 Rd8 26. Ne3 Rxd5 27.
Nxd5 Qd7 28. Qxd7 Nxd7 29. Nd2 Bf8 30. Nc4 Kg7 31. Kf1 f6 32. Ke2 Kf7 33. Kd3
Be7 34. Nc7 f5 35. f3 Bd8 36. Nd5 Ke6 37. Nd2 Kd6 38. b4 a6 39. Kc4 Kc6 40. b5+
axb5+ 41. axb5+ Kd6 42. Kd3 Ke6 43. Nc4 Kf7 44. Nd6+ Ke6 45. Nb7 Be7 46. Kc4
Bg5 47. Nc7+ Kf7 48. Nd5 Ke6 49. h3 Bd2 50. g4 fxe4 51. fxe4 Bg5 52. Nc7+ Ke7
53. Kd5 Nf6+ 54. Kxe5 Nd7+ 55. Kd5 Nf6+ 56. Kc6 Nxe4 57. Kxb6 Nxc3 58. Nxc5 Kd6
59. Nb7+ Ke5 60. Kc6 Nxb5 61. Nxb5 Kf4 62. Kd5 Kg3 63. Ke6 Kxh3 64. Kf7 1/2-1/2

[Event "4.Nord-West-Cup"]
[Site "?"]
[Date "2002.??.??"]
[Round "7"]
[White "da Costa, Martin"]
[Black "Schmitz-Jordan, Juergen"]
[Result "1/2-1/2"]
[WhiteElo "2030"]
[BlackElo "2090"]
[PlyCount "30"]

1. Nf3 c5 2. g3 b6 3. Bg2 Bb7 4. O-O Nf6 5. c4 e6 6. Nc3 Be7 7. Re1 O-O 8. e4
d6 9. d4 cxd4 10. Nxd4 Qc8 11. b3 a6 12. Bb2 Nc6 13. Nxc6 Bxc6 14. Nd5 Bxd5 15.
exd5 e5 1/2-1/2

[Event "4.Nord-West-Cup"]
[Site "?"]
[Date "2002.??.??"]
[Round "7"]
[White "Lorenzen, Bjoern"]
[Black "Korsus, Bernd"]
[Result "0-1"]
[WhiteElo "1983"]
[BlackElo "2272"]
[PlyCount "64"]

1. d4 Nf6 2. Nf3 c5 3. e3 g6 4. c4 Bg7 5. Nc3 O-O 6. Be2 cxd4 7. exd4 d5 8. c5
Nc6 9. O-O Ne4 10. h3 b6 11. cxb6 Nxc3 12. bxc3 Qxb6 13. Qb3 Qd8 14. Bf4 Bf5
15. g4 Be6 16. Rac1 Na5 17. Qb4 f6 18. Nd2 Bf7 19. g5 Nc6 20. Qa4 Be8 21. Bb5
Qc8 22. Qa6 fxg5 23. Qxc8 Rxc8 24. Bxc6 Bxc6 25. Bxg5 Bd7 26. Kg2 e5 27. Nf3
Bxh3+ 28. Kxh3 Rxf3+ 29. Kg2 Rfxc3 30. Rxc3 Rxc3 31. dxe5 Kf7 32. Rb1 Bxe5 0-1

[Event "4.Nord-West-Cup"]
[Site "?"]
[Date "2002.??.??"]
[Round "7"]
[White "Fjodorow, Peter"]
[Black "Fehsenfeld, Frithjof"]
[Result "1-0"]
[WhiteElo "2160"]
[BlackElo "1881"]
[PlyCount "79"]

1. e4 c6 2. d4 d5 3. Nc3 dxe4 4. Nxe4 Nf6 5. Nxf6+ exf6 6. Bc4 Be7 7. Ne2 O-O
8. O-O Nd7 9. c3 f5 10. Qc2 Nf6 11. Ng3 g6 12. Bh6 Re8 13. Qb3 Nd5 14. Bxd5
Qxd5 15. Qxd5 cxd5 16. Rfe1 Bd7 17. Bf4 f6 18. f3 Kf7 19. Kf2 Bb5 20. Nf1 h5
21. h3 g5 22. Bd2 Bxf1 23. Kxf1 Bd6 24. Rxe8 Rxe8 25. Re1 h4 26. Rxe8 Kxe8 27.
Ke2 f4 28. Kd3 Kd7 29. c4 Kc6 30. a4 a6 31. Kc3 b5 32. axb5+ axb5 33. b3 f5 34.
Kd3 Be7 35. Ba5 b4 36. Kc2 Kb7 37. c5 Kc6 38. Bxb4 Kb5 39. c6 Bd8 40. Be7 1-0

[Event "4.Nord-West-Cup"]
[Site "?"]
[Date "2002.??.??"]
[Round "7"]
[White "Walter, Stefan"]
[Black "Busch, Christian"]
[Result "1-0"]
[WhiteElo "1943"]
[BlackElo "2112"]
[PlyCount "77"]

1. d4 Nf6 2. c4 g6 3. Nc3 d5 4. Nf3 Bg7 5. Bg5 Ne4 6. cxd5 Nxg5 7. Nxg5 e6 8.
Nf3 exd5 9. e3 O-O 10. Be2 b6 11. O-O Ba6 12. Bxa6 Nxa6 13. Qa4 Nb8 14. Rac1 c6
15. Ne2 Re8 16. Rc2 Qd6 17. Rfc1 a5 18. Nf4 Ra7 19. Qb3 b5 20. a4 b4 21. Nd3 f6
22. Nc5 Kh8 23. Nd2 Bf8 24. Qd3 Qd8 25. Ndb3 Bd6 26. Nd2 Qe7 27. Nf1 Kg7 28. f3
Kf7 29. Re2 Qc7 30. e4 Qb6 31. Kh1 Rae7 32. Nd2 Nd7 33. Ncb3 Nb8 34. Rce1 Nd7
35. Nf1 Kg7 36. Nbd2 Bc7 37. Ne3 Qb7 38. exd5 cxd5 39. Nf5+ 1-0